Trujillo visto por un psiquiatra / (Registro nro. 14212)

Detalles MARC
000 -LIDER
fixed length control field 02126nam a2200301 a 4500
001 - NÚMERO DE CONTROL
Identificador de número de control 000047576
003 - IDENTIFICACDOR DE NÚMERO DE CONTROL
control field DO-SdBNP
005 - DATE AND TIME OF LATEST TRANSACTION
control field 20230505130415.0
008 - ELEMENTOS DE LONGITUD FIJA
fixed length control field 090709r2004 dr ac 000 0d spa d
020 ## - ISBN
International Standard Book Number 9993461628
040 ## - FUENTE DE CATALOGACIÓN
Agencia que crea de manera original el registro BPMSU
Idioma de catalogación spa
Agencia que realiza la transcripción BPMSU
082 #4 - NÚMERO DE CLASIFICACIÓN DECIMAL DE DEWEY
Classification number 923.17293
Item number T866G, 2004
Edition number 22
100 1# - ASIENTO PRINCIPAL -- NOMBRE PERSONAL
Nombre personal Gómez, José Miguel
245 10 - MENCIÓN DE TITULO
Título Trujillo visto por un psiquiatra /
Mención de responsabilidad José Miguel Gómez.
250 ## - MENCIÓN DE EDICION
Mención de edición 2a ed.
260 ## - PUBLICACIÓN, DISTRIBUCIÓN, ETC. (PIE DE IMPRENTA)
Lugar de publicación, distribución, etc Santo Domingo :
Nombre del editor, distribuidor, etc. Búho,
Fecha de publicación, distribución, etc 2004
300 ## - DESCRIPCIÓN FÍSICA
Extensión 239 p. :
Otros detalles físicos il., retrs. ;
Dimensiones 24 cm.
490 0# - MENCIÓN DE SERIES
Mención de serie Biblioteca José Miguel Gómez ;
500 ## - NOTA GENERAL
Materiales especificados Incluye datos biográficos del autor en la solapa de la cubierta
504 ## - NOTA DE BIBLIOGRAFÍA, ETC.
Bibliography, etc Bibliografía: p. 235-241
505 0# - NOTA DE CONTENIDO
Texto normalizado de contenido Prólogo 11 -- Dinámica familiar de los abuelos de Rafael Leonidas Trujillo Molina 17 -- Características de la dinámica familiar de los padres de Rafael Leonidas Trujillo 25 -- Legado biopsicosocial de la familia parental de Rafael Leonidas Trujillo 33 -- Vínculos y rivalidades de los Trujillo Molina 39 -- Conducta psicosocial de los hermanos Trujillo 49 -- Genograma 57 -- Trujillo : su desarrollo infanto-adolescente 63 -- La adultez temprana de Rafael Leonidas Trujillo 77 -- La sexualidad del macho Trujillo 83 -- Trujillo : sus parejas 103 -- Perfil de la personalidad de Trujillo 115 -- Antecedentes psicopatológicos de Trujillo 125 -- Conductas fóbicas de Trujillo Molina 151 -- Trastorno antisocial de la personalidad de Rafael Leonidas Trujillo Molina 157 -- Trampas de la personalidad de Trujillo 165 -- Víctima de su propio talento 179 -- Trujillo y su rigidez para adaptarse a nuevas circunstancias 183 -- Las relaciones interpersonales de Trujillo 189 -- Legado psicosocial y cultural del modelo trujillista 201 -- Paranoia : circunstancias y estresores psicosociales 219 -- Trujillo visto por un psiquiatra 227 -- Bibliografía 233
590 ## - NOTA LOCAL
Texto de la nota local Inventariado, 2022/VM
600 14 - ENCABEZAMIENTO DE MATERIA--NOMBRE PERSONAL
Nombre personal Trujillo Molina, Rafael Leónidas,
Fechas asociadas con el nombre 1891-1961
Subdivisión temática general Personalidad
650 #4 - ENCABEZAMIENTO DE MATERIA--TEMÁTICO
Término temático o nombre geográfico como elemento de entrada Personalidad
Subdivisión temática general Aspectos psicológicos.
650 #4 - ENCABEZAMIENTO DE MATERIA--TEMÁTICO
Término temático o nombre geográfico como elemento de entrada Psiquiatría.
910 ## - VALIDACIÓN
Validación VMateo V. Control de calidad (BPMSU)
942 ## - ADDED ENTRY ELEMENTS (KOHA)
Source of classification or shelving scheme Dewey Decimal Classification
Koha item type Libros
Existencias
Withdrawn status Lost status Source of classification or shelving scheme Damaged status Not for loan Collection code Home library Current library Date acquired Total Checkouts Full call number Barcode Date last seen Price effective from Koha item type
    Dewey Decimal Classification     Colección Dominicana Biblioteca Pública Metropolitana Salomé Ureña Biblioteca Pública Metropolitana Salomé Ureña 05/05/2023   BPMSU CD 923.17293 T866G 2004 BPMSU23050008 05/05/2023 05/05/2023 Libros